000
002180000a22000970004500
100
1
_a
Still, William
245
1
0
_a
What of the future?
300
_a
Vol. 5, Núm 3 (1987), Páginas 2-8
773
0
_t
Evangel
942
_c
ANA
999
_c
54324
_d
54324